00719nam a2200193 i 450000100060000000300090000600500170001500700030003200800410003510000280007624501450010426000430024930000310029250000700032365000250039370000220041871000510044085200340049177442ES-MaACL20230906173218.0t|041008s1960 sp ||||1| spa d1 aGutiérrez Soto, Luis.10aBreves consideraciones sobre la nueva arquitectura / cdiscurso leído por Luis Gutiérrez Soto y contestación de Modesto López Otero. aMadrid : b[s.n., c1960] (fAltamira) a64 p., 1 lám. ; c25 cm. aPrecede al tít.: Real Academia de Bellas Artes de San Fernando.04aArquitectura-yS.XX.1 aLópez Otero, M.2 aReal Academia de Bellas Artes de San Fernando. aES-MaACLjF-M-III-N bR.46002